01321nas a2200241Ia 4500001001100000003001000011008004100021040002500062041001400087100002100101210001900122222001900141245008800160250001100248260005100259300001100310310001600321362002200337500028800359501011400647520028800761650003001049R220-R1905IT-CnALBA170116c99999999xx |||||||||||| ||und|| aIT-CnALBAcIT-CnALBA aFRANCESE  aFROSSARD ANDRÈ aEN CE TEMPS LA aEN CE TEMPS LA 0aEN CE TEMPS-LA'. LA BIBLE. I LIVRE DES MACCABEES. PUBLICATION HEBDOMADAIRE. N. 38.  a1a ed. a ODEGE BRUXEL.bFEMMES D'AUJOURD'HUI ED.cn.d. a32 p.  aSETTIMANALE aFascicolo: 38 /  aRESISTENZA, GUERRA. VITTORIE DI GIUDA MACCABEO. MORTE DI ANTIOCO. TAMISIER R. L'ADILA' E IL VALORE DELLA VITA. ELLENISMO E MACCABEI. OSSERVAZIONI SUL TESTO. PRIMO LIBRO DEI MACCABEI. SANGUE DI MARTIRI E GUERRE PER L'INDIPENDENZA. PERSONAGGI E TERMINI BIBLICI. CAALENDARIO ISRAELITA.  aSocietà San Paolo EM - Piazza San Paolo, 14 - 12051 ALBA (CN) (non commercial uses only) ® Copyright 2017 aRESISTENZA, GUERRA. VITTORIE DI GIUDA MACCABEO. MORTE DI ANTIOCO. TAMISIER R. L'ADILA' E IL VALORE DELLA VITA. ELLENISMO E MACCABEI. OSSERVAZIONI SUL TESTO. PRIMO LIBRO DEI MACCABEI. SANGUE DI MARTIRI E GUERRE PER L'INDIPENDENZA. PERSONAGGI E TERMINI BIBLICI. CAALENDARIO ISRAELITA.  aBIBBIA - TESTI E COMMENTI